000 00450nam a2200169 i 4500
001 C2-0312288
003 PPAK
005 20180729001205.0
008 110921s my |||| ||||| | eng d
040 _aPPAK
_beng
_cPPAK
_erda
245 0 0 _aNine emperors festivals
264 1 _aKuala Lumpur :
_bJabatan Muzium dan Antikuiti ,
336 _2rdacontent
_atext
337 _2rdamedia
_aunmediated
338 _2rdacarrier
_avolume
942 _2ddc
_cVCD
999 _c166546
_d166546